Mavi Marmara davası (Record no. 5147)
[ view plain ]
| 000 -BAŞLIK | |
|---|---|
| Sabit Uzunlukta Kontrol Alanı | 00958na a2200205 4500 |
| 001 - KONTROL NUMARASI | |
| Denetim Alanı | 23258 |
| 003 - KONTROL NUMARASI IDENTIFIER | |
| Denetim Alanı | MIRAKIL |
| 005 - SON İŞLEM TARİHİ VE ZAMANI | |
| Denetim Alanı | 20181213155029.0 |
| 008 - SABİT-BOY VERİ ELEMANLARI - GENEL BİLGİLER | |
| Sabit Uzunlukta Kontrol Alanı | 170821b tu 000 0 |
| 040 ## - KATALOGLAMA KAYNAK | |
| Orijinal Kataloglama Ajansı | Milas |
| Kataloglama Dili | tur |
| Metne Dönüştürmek Ajansı | TR-AnCHP |
| 041 ## - DİL KODU | |
| Metin / Ses Parça Veya Ayrı Başlığın Dil Kodu | tur |
| 245 ## - BAŞLIK TABLOSU | |
| Başlık | Mavi Marmara davası |
| Başlığın Kalan | Gazze özgürlük filosu'na 31.05.2010 tarihinde düzenlenen İsrail saldırısı ile ilgili yürütülen hukuk çalışması |
| Sorumluluk Tablosu, Vb | İnsani Yardım Vakfı İnsan Hakları ve Hukuk Komisyonu |
| 246 ## - UNVAN FORM VARYING | |
| Başlık Doğru / Kısa Başlığı | Gazze özgürlük filosu'na 31.05.2010 tarihinde düzenlenen İsrail saldırısı ile ilgili yürütülen hukuk çalışması |
| 260 ## - YAYIN, DAĞITIM, VB | |
| Yayın, Dağıtım, Vb Yeri | İstanbul |
| Yayıncı, Dağıtıcı, Vs Adı | İnsani Yardım Vakfı İnsan Hakları ve Hukuk Komisyonu |
| Yayın, Dağıtım, Vb Tarihi | 2012 |
| 300 ## - FİZİKSEL TANIM | |
| Kapsam | 21 s. |
| Diğer Fiziksel Ayrıntıları | fotğ. |
| Boyutlar | 27 sm. |
| 500 ## - GENEL NOT | |
| Genel Not | GEÇİCİ KATALOG KAYDIDIR. |
| 740 ## - KATMA GİRİŞ - KONTROLSUZ İLGİLİ / ANALİTİK BAŞLIK | |
| Kontrol Edilmeyen / İlgili Analitik Başlıktaki | Gazze özgürlük filosu'na 31.05.2010 tarihinde düzenlenen İsrail saldırısı ile ilgili yürütülen hukuk çalışması |
| 942 ## - EKLENDİ GİRİŞ ELEMANLARI (KOHA) | |
| Sınıflandırma Veya Raf Düzeni Kaynak | |
| Koha Öğesi Türü | Books |
| 999 ## - SİSTEM KONTROL NUMARALARI (KOHA) | |
| Koha Biblionumber | 5147 |
| Koha Biblioitemnumber | 5147 |
| Kalıcı Konum | Mevcut Konum | Edinme Tarihi | Edinim Kaynak | Toplam Check-Out'Lar | Barkod | Tarih Son Görülme | İtibaren Geçerli Fiyatlar | Koha Öğesi Türü |
|---|---|---|---|---|---|---|---|---|
| CHP Kütüphanesi | CHP Kütüphanesi | 08/21/2017 | Bağış | 017243 | 08/21/2017 | 08/21/2017 | Books |
